Shows That Ended in 2009 Quiz Stats

 Plays Quiz not verified by Sporcle

Challenge
Share
Tweet
Score 0/20 Timer 04:00
0 Plays Today
% Correct
ER
91.7%
Prison Break
90.4%
My Name Is Earl
89.8%
Are You Smarter Than a 5th Grader?
85.4%
Deal Or No Deal
80.3%
According To Jim
77.1%
Pushing Daisies
61.1%
Everybody Hates Chris
49%
Without A Trace
40.1%
The Unit
32.5%
% Correct
Lipstick Jungle
30.6%
Samantha Who?
22.9%
Reaper
21%
Life On Mars
19.7%
Dirty Sexy Money
17.8%
Kings
10.2%
Million Dollar Password
8.3%
Sit Down, Shut Up
5.1%
Eleventh Hour
5.1%
The Goode Family
1.9%

You're not logged in!

Compare scores with friends on all Sporcle quizzes.
OR
Log In

You Might Also Like...

Show Comments

Extras

Created Apr 29, 2015ReportNominate
Tags:Show Quiz, 2009, ended, run

Top Quizzes Today


Score Distribution

Your Account Isn't Verified!

In order to create a playlist on Sporcle, you need to verify the email address you used during registration. Go to your Sporcle Settings to finish the process.

Report this User

Report this user for behavior that violates our Community Guidelines.

Details: